000 01167cam a2200361 | 4500
999 _c5616
_d5616
001 221214
003 CaAEU
005 20220422122610.0
008 030279s1978 nyu 0 eng l
010 _a77016047
020 _a0070518734
035 _aocm03415316
040 _aDLC
_beng
_cALUPE UNIVERSITY
049 _aaeu
050 0 _aQP 34.5
_b.R45 1964
090 0 _aQP 34.5 R44 1964
_bARDC
090 0 0 _aQP 34 R37 1964
_bAEU
100 1 _aReith, Edward J.
245 1 0 _aTextbook of anatomy and physiology /
_cEdward J. Reith, Bertha Breidenbach, Mary Lorenc.
250 _a2d ed.
260 _aNew York :
_bMcGraw-Hill,
_cc1964.
300 _aix, 361 p.
_bill. ;
_c25 cm.
336 _atext
_btxt
_2rdacontent
337 _aunmediated
_bn
_2rdamedia
338 _avolume
_bnc
_2rdacarrier
500 _aIncludes index.
583 1 _acommitted to retain
_c20170930
_d20421231
_fHathiTrust
_uhttps://www.hathitrust.org/shared_print_program
_5AEU
_zHathiTrust Shared Print commitment 2017
650 0 _aHuman physiology.
650 0 _aHuman anatomy.
700 1 _aBreidenbach, Bertha,
_eauthor.
700 1 _aLorenc, Mary,
_eauthor.
942 _2lcc
_cBK
_nAB